00412nam a22001457a 450000500170000000800410001702200130005804100130007108200130008410000130009724500430011026000560015330000310020965000260024020240220122152.0240220b |||||||| |||| 00| 0 eng d a10233806 aEnglish  a349 BUT  lEnglish  aButterworths Law Reports : Labour Law  aDurban : bButterworth Publishers (Pty) Ltd, c2000 bxxv, 119 pages ; c25 cm.  aLegal practice bLaw